Administración de recursos humanos : (Registro nro. 69539)
[ vista simple ]
| 000 -LEADER | |
|---|---|
| fixed length control field | 01529nam a2200361 i 4500 |
| 001 - CONTROL NUMBER | |
| control field | 69539 |
| 003 - CONTROL NUMBER IDENTIFIER | |
| control field | Mx-PuUPA |
| 005 - DATE AND TIME OF LATEST TRANSACTION | |
| control field | 20250520091108.0 |
| 008 - FIXED-LENGTH DATA ELEMENTS--GENERAL INFORMATION | |
| fixed length control field | 220521s2019 mx ad||gr|||| 00| 0 spa d |
| 020 ## - INTERNATIONAL STANDARD BOOK NUMBER | |
| International Standard Book Number | 9781456263164 |
| Qualifying information | ISBN 13 |
| 020 ## - INTERNATIONAL STANDARD BOOK NUMBER | |
| International Standard Book Number | 1456263161 |
| Qualifying information | ISBN 10 |
| 040 ## - CATALOGING SOURCE | |
| Original cataloging agency | Mx-PuUPA |
| Language of cataloging | spa |
| Transcribing agency | Mx-PuUPA |
| Modifying agency | Mx-PuUPA |
| Description conventions | rda |
| 041 1# - LANGUAGE CODE | |
| Language code of text/sound track or separate title | spa |
| Language code of original | por |
| 100 1# - MAIN ENTRY--PERSONAL NAME | |
| Personal name | Chiavenato, Idalberto, |
| Dates associated with a name | 1936- |
| Relator term | autor |
| 9 (RLIN) | 2235 |
| 240 10 - UNIFORM TITLE | |
| Uniform title | Recursos Humanos : o capital humano das organizações. |
| Language of a work | Español |
| 245 10 - TITLE STATEMENT | |
| Title | Administración de recursos humanos : |
| Remainder of title | el capital humano de las organizaciones / |
| Statement of responsibility, etc. | Idalberto Chiavenato ; traducción de Gabriel Nagore Cázares |
| 250 ## - EDITION STATEMENT | |
| Edition statement | Sexta edición |
| 264 #1 - PRODUCTION, PUBLICATION, DISTRIBUTION, MANUFACTURE, AND COPYRIGHT NOTICE | |
| Place of production, publication, distribution, manufacture | México, D.F. : |
| Name of producer, publisher, distributor, manufacturer | McGraw-Hill Interamericana Editores, |
| Date of production, publication, distribution, manufacture, or copyright notice | ©2019 |
| 300 ## - PHYSICAL DESCRIPTION | |
| Extent | xi, 425 páginas : |
| Other physical details | ilustraciones, diagramas ; |
| Dimensions | 27 cm |
| 336 ## - CONTENT TYPE | |
| Fuente | rdacontent |
| Content type term | texto |
| Content type code | txt |
| 337 ## - MEDIA TYPE | |
| Source | rdamedia |
| Media type term | sin medio |
| Media type code | n |
| 338 ## - CARRIER TYPE | |
| Source | rdacarrier |
| Carrier type term | volumen |
| Carrier type code | nc |
| 650 #7 - SUBJECT ADDED ENTRY--TOPICAL TERM | |
| Source of heading or term | armarc |
| Topical term or geographic name entry element | Administración de personal |
| 650 #7 - SUBJECT ADDED ENTRY--TOPICAL TERM | |
| Source of heading or term | armarc |
| Topical term or geographic name entry element | Recursos humanos |
| 700 1# - ADDED ENTRY--PERSONAL NAME | |
| Personal name | Nagore Cázares, Gabriel, |
| Relator term | traductor |
| 765 ## - ORIGINAL LANGUAGE ENTRY | |
| Main entry heading | Chiavenato, Idalberto |
| Edition | Décima Edición |
| Title | Recursos Humanos : o capital humano das organizações. |
| Place, publisher, and date of publication | ©2019 |
| 942 ## - ADDED ENTRY ELEMENTS (KOHA) | |
| Source of classification or shelving scheme | Dewey Decimal Classification |
| Koha item type | Libro |
| Classification part | 658.3 |
| Item part | C5318 |
| Withdrawn status | Lost status | Source of classification or shelving scheme | Damaged status | Not for loan | Collection code | Home library | Current library | Shelving location | Date acquired | Source of acquisition | Cost, normal purchase price | Total Checkouts | Total Renewals | Full call number | Barcode | Date last seen | Date last checked out | Copy number | Cost, replacement price | Price effective from | Koha item type |
|---|---|---|---|---|---|---|---|---|---|---|---|---|---|---|---|---|---|---|---|---|---|
| Dewey Decimal Classification | General | Biblioteca Karol Wojtyla | Biblioteca Karol Wojtyla | Sala general | 15/04/2024 | 1 | 541.00 | 5 | 1 | 658.3 C5318 2019 | 102305 | 05/01/2026 | 20/06/2023 | Ej.2 | 541.00 | 15/04/2024 | Libro | ||||
| Dewey Decimal Classification | General | Biblioteca Karol Wojtyla | Biblioteca Karol Wojtyla | Sala general | 15/04/2024 | 1 | 541.00 | 658.3 C5318 2019 | 102304 | 05/01/2026 | 541.00 | 15/04/2024 | Libro | ||||||||
| Dewey Decimal Classification | General | Biblioteca Karol Wojtyla | Biblioteca Karol Wojtyla | Sala general | 14/05/2025 | 1 | 797.00 | 1 | 1 | 658.3 C5318 2019 | 106001 | 05/01/2026 | 29/10/2025 | Ej.4 | 797.00 | 14/05/2025 | Libro | ||||
| Dewey Decimal Classification | General | Biblioteca Karol Wojtyla | Biblioteca Karol Wojtyla | Sala general | 14/05/2025 | 1 | 797.00 | 658.3 C5318 2019 | 106000 | 05/01/2026 | Ej.3 | 797.00 | 14/05/2025 | Libro |